Učiteľ, rodič, riaditeľ školy a ich vplyv na správanie problémového žiaka

Javy, ktoré sprevádzajú konfliktné situácie v prostredí školy z pohľadu najviac zainteresovaných osôb na riešení problémov súvisiacich s neželaným správaním žiaka.

Salvato in:
Dettagli Bibliografici
Autore principale: Bieleszová, Dušana
Natura: Capitolo di libro
Lingua:slovacco
Soggetti:
Tags: Aggiungi Tag
Nessun Tag, puoi essere il primo ad aggiungerne!!

MARC

LEADER 00000naa a2200000 4500
001 0185432
005 20231127103054.5
041 0 |a slo 
044 |a SK 
245 1 0 |a Učiteľ, rodič, riaditeľ školy a ich vplyv na správanie problémového žiaka  |c Dušana Bieleszová 
520 |a Javy, ktoré sprevádzajú konfliktné situácie v prostredí školy z pohľadu najviac zainteresovaných osôb na riešení problémov súvisiacich s neželaným správaním žiaka. 
610 2 0 |a konflikty 
610 2 0 |a učitelia 
610 2 0 |a žiaci 
610 2 0 |a rodina 
610 2 0 |a mediácia 
610 2 0 |a školy 
100 1 |a Bieleszová, Dušana